000 00566cam a22002171 4500
001 sa 65008075
003 DLC
005 20260227112153.0
008 890510s1965 ii c 000 0 hino
010 _asa 65008075
035 _a(OCoLC)19690946
040 _aDLC
_cWaU
_dDLC
042 _apremarc
050 0 0 _aDS481.S48
_bV5
100 0 _aVidya Prakash,
_d1929-
245 1 0 _aPradhāna Mantrī Śrī Lāla Bahādura Śāstrī.
260 _c[1965]
300 _a144 p.
_bports.
_c19 cm.
500 _aIn Hindi.
600 1 0 _aShastri, Lal Bahadur,
_d1904-1966.
999 _c65536
_d65536